Abc leteckého modelářství

Bibliographic Details
Format: Book
Language:Czech
PhysicalDescription:199, [3] s. 8°
Published: Praha Naše vojsko 1968
Edition:2. vyd.
Series:Knižnice Svazarmu
Subjects:

MARC

LEADER 00000nam a2200000 a 4500
001 vtls001139768
003 SK-MaSNL
005 20260301153903.0
008 250414s1968 xr a f f 00000 cze
035 |a SNK000082621 
040 |a SNK  |b slo  |c SNK  |e AACR2 
041 0 |a cze 
044 |a xr  |c CZ 
072 7 |a 629  |x Dopravné prostriedky  |2 konspekt 
080 |a 629.7:689  |2 2011 
080 |a (035)  |2 2011 
245 0 0 |a Abc leteckého modelářství  |c autor. kol. 
250 |a 2. vyd. 
260 |a Praha  |b Naše vojsko  |c 1968 
300 |a 199, [3] s.  |c 8° 
490 1 |a Knižnice Svazarmu  |v Sv. 33. 
500 |a Prehľ. odporúčanej lit. S obr. a fot. v texte 
650 0 7 |a letecké modelárstvo  |2 SNKPH  |9 3669 
650 0 7 |a Aeromodelling  |2 SNKPHeng  |9 378206 
655 7 |a príručky  |2 SNKPH  |9 74364 
655 7 |a Handbooks, manuals, etc.  |2 SNKPHeng  |9 90964 
830 0 |a Knižnice Svazarmu  |9 286496 
852 |a Slovenská národná knižnica 
954 |a modelárstvo letecké  |a lietadlá 
958 |a OND 
999 |c 794830  |d 796760 
952 |t P60, <04>, [BOOK], {604}  |a SNK  |b SNK  |y VYP  |7 0  |p 17A0012183  |o snkID 46554 D1  |0 0  |1 1  |4 0  |d 1996-10-14  |l 0  |r 2005-01-01 00:00:00  |w 2026-02-24 
952 |t P60, <04>, [BOOK], {604}  |a SNK  |b SNK  |y VYP  |7 0  |p 17A0193021  |o snkID 46554  |0 0  |1 0  |4 0  |d 1999-05-05  |l 0  |r 2005-01-01 00:00:00  |w 2026-02-24